[Event "Fortaleza Cearense zt"]
[Site "Fortaleza"]
[Date "2019.09.28"]
[Round "3"]
[White "Parente, Renan Braz"]
[Black "De Sousa, Jhone Leone"]
[Result "1-0"]
[WhiteElo "2215"]
[BlackElo "1912"]
[PlyCount "49"]
[EventDate "2019.09.26"]
[EventType "swiss"]
[EventRounds "6"]
[EventCountry "BRA"]
[SourceTitle "EXT 2020"]
[Source "ChessBase"]
[SourceDate "2019.10.17"]
[SourceVersion "1"]
[SourceVersionDate "2019.10.17"]
[SourceQuality "1"]

1. d4 Nf6 2. Bg5 e6 3. Nd2 d5 4. e3 Be7 5. Bd3 Nbd7 6. Ngf3 h6 7. Bh4 c5 8. c3 Qc7 9. 0-0 Bd6 10. Qe2 Nh5 11. Ne5 Bxe5 12. dxe5 g6 13. f4 Ng7 14. e4 c4 15. Bc2 Qb6+ 16. Kh1 Qxb2 17. Rac1 Nb6 18. Bf6 Rg8 19. Qe3 Qb5 20. f5 Nh5 21. fxg6 Rxg6 22. exd5 Nxd5 23. Qf3 Rxf6 24. exf6 Nhxf6 25. Ne4 1-0

[Event "Fortaleza Gadelha Memorial"]
[Site "Fortaleza"]
[Date "2019.08.17"]
[Round "5"]
[White "Silveira, Jose Wanderley Maci"]
[Black "De Sousa, Jhone Leone"]
[Result "0-1"]
[WhiteElo "1661"]
[BlackElo "1891"]
[PlyCount "86"]
[EventDate "2019.08.15"]
[EventType "swiss"]
[EventRounds "7"]
[EventCountry "BRA"]
[SourceTitle "CBM 191 Extra"]
[Source "ChessBase"]
[SourceDate "2019.09.30"]
[SourceVersion "1"]
[SourceVersionDate "2019.09.30"]
[SourceQuality "1"]

1. e4 e5 2. Nf3 Nc6 3. d4 exd4 4. Nxd4 d6 5. Bc4 Bd7 6. 0-0 Nf6 7. Nc3 Be7 8. Nxc6 Bxc6 9. Bb5 Qd7 10. Qe2 0-0 11. Bxc6 Qxc6 12. Qb5 Nd7 13. Qxc6 bxc6 14. b3 Bf6 15. Bb2 Nc5 16. f3 Rab8 17. Nd1 Bxb2 18. Nxb2 d5 19. Nd3 Nd7 20. e5 Rfe8 21. Rae1 c5 22. f4 c4 23. Nf2 cxb3 24. axb3 c5 25. Ra1 Rb7 26. Rfd1 Nb6 27. Nd3 Rc7 28. Nb2 f6 29. exf6 gxf6 30. Re1 Rce7 31. Kf2 Kf7 32. Rxe7+ Rxe7 33. Re1 Rxe1 34. Kxe1 Ke6 35. Ke2 a5 36. Kd3 Kf5 37. Ke3 h5 38. h3 h4 39. Kf3 c4 40. Nd1 d4 41. Nf2 d3 42. Ng4 Nd5 43. bxc4 dxc2 0-1

[Event "Norte Nordeste-ch Amateur U2000"]
[Site "Fortaleza"]
[Date "2019.04.26"]
[Round "2"]
[White "De Sousa, Jhone Leone"]
[Black "Soares, Paulo Henrique Dos"]
[Result "1-0"]
[WhiteElo "1824"]
[BlackElo "1899"]
[PlyCount "75"]
[EventDate "2019.04.26"]
[EventType "swiss"]
[EventRounds "6"]
[EventCountry "BRA"]
[SourceTitle "EXT 2020"]
[Source "ChessBase"]
[SourceDate "2019.10.17"]
[SourceVersion "1"]
[SourceVersionDate "2019.10.17"]
[SourceQuality "1"]

1. e4 c5 2. Nc3 g6 3. Bc4 Bg7 4. d3 d6 5. Nge2 Nc6 6. a3 Nf6 7. 0-0 e6 8. Bg5 h6 9. Bh4 g5 10. Bg3 e5 11. f3 Be6 12. Qd2 Nh5 13. Bf2 Qd7 14. Nd5 Nf4 15. Ndxf4 gxf4 16. Bxe6 Qxe6 17. c3 Qg6 18. Kh1 f5 19. b4 fxe4 20. dxe4 0-0-0 21. a4 Rhg8 22. Rg1 Bf8 23. a5 h5 24. b5 Ne7 25. Bh4 Rd7 26. a6 b6 27. Bxe7 Bxe7 28. Qd5 Kb8 29. g3 Rf8 30. gxf4 Qh6 31. Rg2 exf4 32. Rag1 Qh8 33. Rg8 Qe5 34. Rxf8+ Bxf8 35. Rg8 Qe8 36. Nxf4 Qf7 37. Qxf7 Rxf7 38. Ne6 1-0

[Event "Norte Nordeste-ch Amateur U2000"]
[Site "Fortaleza"]
[Date "2019.04.26"]
[Round "1"]
[White "Fonseca, Luis Ernesto Serra"]
[Black "De Sousa, Jhone Leone"]
[Result "0-1"]
[WhiteElo "1951"]
[BlackElo "1824"]
[PlyCount "57"]
[EventDate "2019.04.26"]
[EventType "swiss"]
[EventRounds "6"]
[EventCountry "BRA"]
[SourceTitle "EXT 2020"]
[Source "ChessBase"]
[SourceDate "2019.10.17"]
[SourceVersion "1"]
[SourceVersionDate "2019.10.17"]
[SourceQuality "1"]

1. e4 d6 2. d4 Nf6 3. Nc3 g6 4. Nf3 Bg7 5. Bc4 0-0 6. 0-0 Bg4 7. h3 Bxf3 8. Qxf3 c6 9. Bb3 Nbd7 10. Bf4 Nh5 11. Be3 e5 12. Rad1 Qe7 13. dxe5 Nxe5 14. Qe2 b5 15. f4 Ng3 16. Qf2 Nxf1 17. Kxf1 Nc4 18. Bxc4 bxc4 19. e5 Rfd8 20. exd6 Rxd6 21. Re1 Bxc3 22. bxc3 Re6 23. Qf3 Re8 24. Kf2 f5 25. Qe2 Re4 26. Qd2 Qh4+ 27. Kf3 g5 28. fxg5 f4 29. Bf2 0-1

[Event "Cearense-ch"]
[Site "Fortaleza"]
[Date "2017.11.25"]
[Round "8"]
[White "Correia, Mario Rui Costa"]
[Black "De Sousa, Jhone Leone"]
[Result "1-0"]
[WhiteElo "2075"]
[BlackElo "1749"]
[PlyCount "125"]
[EventDate "2017.11.15"]
[EventType "tourn"]
[EventRounds "9"]
[EventCountry "BRA"]
[SourceTitle "EXT 2019"]
[Source "ChessBase"]
[SourceDate "2018.10.10"]
[SourceVersion "1"]
[SourceVersionDate "2018.10.10"]
[SourceQuality "1"]

1. e4 e5 2. Nf3 Nc6 3. Bb5 d6 4. d4 exd4 5. Nxd4 Bd7 6. Nxc6 Bxc6 7. Bxc6+ bxc6 8. c4 Nf6 9. Nc3 Be7 10. 0-0 0-0 11. Qa4 c5 12. Rd1 Nd7 13. Nd5 Nb6 14. Qc2 Nxd5 15. Rxd5 Bf6 16. Be3 Qe7 17. Rad1 Rfe8 18. f3 a5 19. b3 Reb8 20. f4 g6 21. Bf2 Rd8 22. e5 Bg7 23. Qd3 Re8 24. exd6 cxd6 25. Rxd6 Bd4 26. Rd5 Bxf2+ 27. Kxf2 Qh4+ 28. Qg3 Qf6 29. Qg5 Qb2+ 30. R5d2 Qa3 31. Qf6 a4 32. Qb2 Qxb2 33. Rxb2 axb3 34. axb3 Re4 35. g3 Rb8 36. Rdd2 Rbe8 37. Rd5 Rc8 38. Re2 Rxe2+ 39. Kxe2 Kf8 40. Kd2 Ke7 41. Kc3 f6 42. b4 cxb4+ 43. Kxb4 Ke6 44. Rd2 h6 45. c5 Rb8+ 46. Kc4 Rb1 47. Rd6+ Ke7 48. Rb6 Rc1+ 49. Kd5 Rd1+ 50. Kc6 g5 51. fxg5 hxg5 52. Rb4 f5 53. Rb2 f4 54. gxf4 gxf4 55. Rf2 Rh1 56. Kc7 Ke6 57. Rxf4 Rxh2 58. c6 Rb2 59. Rd4 Ke7 60. Re4+ Kf8 61. Kc8 Kf7 62. c7 Rc2 63. Rb4 1-0

[Event "Cearense-ch"]
[Site "Fortaleza"]
[Date "2017.11.19"]
[Round "4"]
[White "Monteiro, Jose Q Montenegro"]
[Black "De Sousa, Jhone Leone"]
[Result "0-1"]
[WhiteElo "1867"]
[BlackElo "1749"]
[PlyCount "113"]
[EventDate "2017.11.15"]
[EventType "tourn"]
[EventRounds "9"]
[EventCountry "BRA"]
[SourceTitle "EXT 2019"]
[Source "ChessBase"]
[SourceDate "2018.10.10"]
[SourceVersion "1"]
[SourceVersionDate "2018.10.10"]
[SourceQuality "1"]

1. e4 c5 2. Nf3 Nc6 3. Bc4 g6 4. c3 Bg7 5. d3 d6 6. 0-0 Nf6 7. Qe2 Bg4 8. Nbd2 0-0 9. h3 Bxf3 10. Nxf3 Nd7 11. Bb3 Nde5 12. Nh2 e6 13. Be3 Na5 14. Bc2 b6 15. Rad1 Qc7 16. f4 Nec6 17. f5 exf5 18. exf5 Rfe8 19. Qd2 b5 20. f6 Bh8 21. Bg5 Ne5 22. Rf2 Nac6 23. d4 cxd4 24. cxd4 Nc4 25. Qf4 Ne3 26. Rc1 Nb4 27. Ng4 Nd3 28. Nh6+ Kf8 29. Bxd3 Qxc1+ 30. Kh2 Qc7 31. Nf5 Nxf5 32. Bxf5 Rad8 33. d5 Re5 34. Bh6+ Kg8 35. Be6 Re8 36. Qf3 Qd8 37. Bg7 R5xe6 38. dxe6 Rxe6 39. Bxh8 Kxh8 40. g4 h6 41. h4 d5 42. Kg2 a5 43. Qf4 Kh7 44. h5 g5 45. Qf5+ Kg8 46. Rd2 Rd6 47. Rc2 Rd7 48. Qe5 d4 49. Qxb5 d3 50. Rd2 Rd4 51. Qf5 Qc7 52. Qf3 Qc1 53. Rd1 Qxb2+ 54. Kg3 d2 55. Qe3 Qb8+ 56. Kh3 Qd8 57. Qf2 0-1

[Event "Cearense-ch"]
[Site "Fortaleza"]
[Date "2017.11.17"]
[Round "2"]
[White "Palacio, Igor Da Paz"]
[Black "De Sousa, Jhone Leone"]
[Result "0-1"]
[WhiteElo "2128"]
[BlackElo "1749"]
[PlyCount "96"]
[EventDate "2017.11.15"]
[EventType "tourn"]
[EventRounds "9"]
[EventCountry "BRA"]
[SourceTitle "EXT 2019"]
[Source "ChessBase"]
[SourceDate "2018.10.10"]
[SourceVersion "1"]
[SourceVersionDate "2018.10.10"]
[SourceQuality "1"]

1. e4 e5 2. Nf3 Nc6 3. Bb5 d6 4. d4 exd4 5. Nxd4 Bd7 6. Nc3 Nf6 7. 0-0 Nxd4 8. Qxd4 Bxb5 9. Nxb5 Qd7 10. c4 a6 11. e5 Ng8 12. Nc3 dxe5 13. Qxe5+ Ne7 14. Rd1 Qc6 15. Bf4 f6 16. Qe2 Kf7 17. Rd2 h5 18. Nd5 Nxd5 19. Rxd5 g5 20. Rad1 gxf4 21. Rd7+ Kg8 22. R1d6 Qxd6 23. Rxd6 Bxd6 24. Qe4 Kg7 25. g3 fxg3 26. hxg3 b6 27. Qf5 h4 28. Qd7+ Kf8 29. Qe6 Be5 30. gxh4 Rxh4 31. b3 Rd8 32. Kg2 Rf4 33. Qh3 Kg7 34. Qe3 Rg8 35. c5 Kf7+ 36. Kf1 bxc5 37. Qxc5 Rgg4 38. a3 Rxf2+ 39. Ke1 Re4+ 40. Kd1 Ree2 41. Qc6 Ra2 42. Qd7+ Kf8 43. Qd8+ Kg7 44. Qd7+ Kh6 45. Qh3+ Kg5 46. Qe3+ Bf4 47. Qc5+ Kg4 48. Ke1 Rfb2 0-1

[Event "Fortaleza Monte Cup"]
[Site "Fortaleza"]
[Date "2017.04.23"]
[Round "5"]
[White "Nunes, Moezio Correia"]
[Black "De Sousa, Jhone Leone"]
[Result "0-1"]
[WhiteElo "1874"]
[BlackElo "1835"]
[PlyCount "86"]
[EventDate "2017.04.21"]
[EventType "swiss"]
[EventRounds "6"]
[EventCountry "BRA"]
[SourceTitle "CBM 178 Extra"]
[Source "ChessBase"]
[SourceDate "2017.06.22"]
[SourceVersion "1"]
[SourceVersionDate "2017.06.22"]
[SourceQuality "1"]

1. e4 c5 2. b4 cxb4 3. d4 d5 4. e5 Nc6 5. a3 Qb6 6. Nf3 Bg4 7. Be3 e6 8. axb4 Bxb4+ 9. c3 Ba5 10. Bd3 Nge7 11. 0-0 Bxf3 12. gxf3 0-0 13. Kh1 Nf5 14. Rg1 Nxe3 15. fxe3 Ne7 16. Qe1 Rac8 17. Qg3 g6 18. h4 h5 19. Qg5 Nf5 20. Qxh5 Kg7 21. Bxf5 exf5 22. Qxf5 Bxc3 23. Nxc3 Rxc3 24. Rab1 Qc6 25. e4 dxe4 26. fxe4 Rh8 27. Qf4 Rh3+ 28. Kg2 R3xh4 29. Qf6+ Qxf6 30. exf6+ Kxf6 31. Kf3 b6 32. Rb5 Rc8 33. Rg4 Rxg4 34. Kxg4 Rc4 35. Rd5 a5 36. Rd6+ Ke7 37. e5 a4 38. Kg5 a3 39. Rxb6 Ra4 40. d5 a2 41. Rb7+ Kf8 42. Kf6 Ra6+ 43. d6 Rxd6+ 0-1